<?xml version="1.0" encoding="UTF-8"?>
<record
    xmlns:xsi="http://www.w3.org/2001/XMLSchema-instance"
    xsi:schemaLocation="http://www.loc.gov/MARC21/slim http://www.loc.gov/standards/marcxml/schema/MARC21slim.xsd"
    xmlns="http://www.loc.gov/MARC21/slim">

  <leader>01078nam a22002297a 4500</leader>
  <controlfield tag="005">20251117143145.0</controlfield>
  <datafield tag="010" ind1=" " ind2=" ">
    <subfield code="a">HIN-105991  HIN-125353  HIN-125416 HIN-130535</subfield>
  </datafield>
  <datafield tag="020" ind1=" " ind2=" ">
    <subfield code="a">9788189242060</subfield>
    <subfield code="c">305.00</subfield>
  </datafield>
  <datafield tag="020" ind1=" " ind2=" ">
    <subfield code="a">8189242075</subfield>
    <subfield code="c">305.00</subfield>
  </datafield>
  <datafield tag="035" ind1=" " ind2=" ">
    <subfield code="a">HN-78337  HN-97699  HN-97762</subfield>
  </datafield>
  <datafield tag="035" ind1=" " ind2=" ">
    <subfield code="a">HN-102881</subfield>
  </datafield>
  <datafield tag="037" ind1=" " ind2=" ">
    <subfield code="b">DBAD/PUB</subfield>
  </datafield>
  <datafield tag="082" ind1=" " ind2=" ">
    <subfield code="a">220</subfield>
  </datafield>
  <datafield tag="100" ind1=" " ind2=" ">
    <subfield code="a">&#x924;&#x93F;&#x932;&#x915;, &#x932;&#x94B;&#x915;&#x92E;&#x93E;&#x928;&#x94D;&#x92F; &#x92C;&#x93E;&#x932; &#x917;&#x902;&#x917;&#x93E;&#x927;&#x930; </subfield>
    <subfield code="9">85676</subfield>
  </datafield>
  <datafield tag="245" ind1=" " ind2=" ">
    <subfield code="a">&#x917;&#x940;&#x924;&#x93E;&#x930;&#x939;&#x938;&#x94D;&#x92F;  /</subfield>
    <subfield code="c">&#x932;&#x94B;&#x915;&#x92E;&#x93E;&#x928;&#x94D;&#x92F; &#x92C;&#x93E;&#x932; &#x917;&#x902;&#x917;&#x93E;&#x927;&#x930; &#x924;&#x93F;&#x932;&#x915;</subfield>
  </datafield>
  <datafield tag="246" ind1=" " ind2=" ">
    <subfield code="a">Geetarhasaya</subfield>
  </datafield>
  <datafield tag="260" ind1=" " ind2=" ">
    <subfield code="a">&#x926;&#x93F;&#x932;&#x94D;&#x932;&#x940;</subfield>
    <subfield code="b">&#x905;&#x930;&#x94D;&#x91A;&#x928;&#x93E; &#x92A;&#x92C;&#x94D;&#x932;&#x93F;&#x915;&#x947;&#x936;&#x928;</subfield>
    <subfield code="c">2016</subfield>
  </datafield>
  <datafield tag="270" ind1=" " ind2=" ">
    <subfield code="a">38/&#x90F;, &#x915;&#x943;&#x937;&#x94D;&#x923; &#x915;&#x941;&#x902;&#x91C; &#x90F;&#x915;&#x94D;&#x938;&#x91F;&#x947;&#x902;&#x936;&#x928; &#x92A;&#x93E;&#x930;&#x94D;&#x91F;-1, &#x917;&#x932;&#x940; &#x928;&#x902;. 7, &#x932;&#x915;&#x94D;&#x937;&#x94D;&#x92E;&#x940; &#x928;&#x917;&#x930;</subfield>
    <subfield code="b">&#x926;&#x93F;&#x932;&#x94D;&#x932;&#x940;</subfield>
    <subfield code="e">110092</subfield>
  </datafield>
  <datafield tag="300" ind1=" " ind2=" ">
    <subfield code="a">&#x926;&#x94B; &#x92D;&#x93E;. (536&#x92A;&#x943;.;   &#x92A;&#x943;.)</subfield>
    <subfield code="c">22 &#x938;&#x947;.&#x92E;&#x940;. (&#x938;&#x91C;&#x93F;&#x932;&#x94D;&#x926;)       </subfield>
  </datafield>
  <datafield tag="505" ind1=" " ind2=" ">
    <subfield code="a">&#x92D;&#x93E;.-1 (&#x915;&#x930;&#x94D;&#x92E;&#x92F;&#x94B;&#x917;&#x936;&#x93E;&#x938;&#x94D;&#x924;&#x94D;&#x930;)</subfield>
  </datafield>
  <datafield tag="942" ind1=" " ind2=" ">
    <subfield code="2">ddc</subfield>
    <subfield code="c">HN</subfield>
    <subfield code="m">&#x924;&#x93F;&#x932;&#x915;</subfield>
    <subfield code="h">220</subfield>
  </datafield>
  <datafield tag="999" ind1=" " ind2=" ">
    <subfield code="c">94508</subfield>
    <subfield code="d">94508</subfield>
  </datafield>
  <datafield tag="952" ind1=" " ind2=" ">
    <subfield code="0">0</subfield>
    <subfield code="1">0</subfield>
    <subfield code="4">0</subfield>
    <subfield code="7">0</subfield>
    <subfield code="8">NFIC</subfield>
    <subfield code="a">NR</subfield>
    <subfield code="b">NR</subfield>
    <subfield code="d">2023-07-05</subfield>
    <subfield code="e">DBAD/PUB</subfield>
    <subfield code="g">695.00</subfield>
    <subfield code="l">0</subfield>
    <subfield code="o">220 &#x924;&#x93F;&#x932;&#x915;</subfield>
    <subfield code="p">HN-97699</subfield>
    <subfield code="r">2023-07-05 00:00:00</subfield>
    <subfield code="t">1</subfield>
    <subfield code="v">695.00</subfield>
    <subfield code="y">HN</subfield>
  </datafield>
  <datafield tag="952" ind1=" " ind2=" ">
    <subfield code="0">0</subfield>
    <subfield code="1">0</subfield>
    <subfield code="3">&#x92D;&#x93E;&#x917; -2</subfield>
    <subfield code="4">0</subfield>
    <subfield code="7">0</subfield>
    <subfield code="8">NFIC</subfield>
    <subfield code="a">BN</subfield>
    <subfield code="b">BN</subfield>
    <subfield code="d">2023-07-14</subfield>
    <subfield code="e">DBAD/PUB</subfield>
    <subfield code="g">305.00</subfield>
    <subfield code="l">0</subfield>
    <subfield code="o">220 &#x924;&#x93F;&#x932;&#x915;</subfield>
    <subfield code="p">HN-97762</subfield>
    <subfield code="r">2023-07-14 00:00:00</subfield>
    <subfield code="t">1</subfield>
    <subfield code="v">305.00</subfield>
    <subfield code="w">2023-07-14</subfield>
    <subfield code="y">HN</subfield>
  </datafield>
  <datafield tag="952" ind1=" " ind2=" ">
    <subfield code="0">0</subfield>
    <subfield code="1">0</subfield>
    <subfield code="3">&#x92D;&#x93E;&#x917; 1</subfield>
    <subfield code="4">0</subfield>
    <subfield code="7">0</subfield>
    <subfield code="8">NFIC</subfield>
    <subfield code="a">ZLS</subfield>
    <subfield code="b">ZLS</subfield>
    <subfield code="d">2025-11-17</subfield>
    <subfield code="e">Delivery of Books Act Division</subfield>
    <subfield code="g">695.00</subfield>
    <subfield code="l">0</subfield>
    <subfield code="o">&#x924;&#x93F;&#x932;&#x915; 220</subfield>
    <subfield code="p">HN-102881</subfield>
    <subfield code="r">2025-11-17 00:00:00</subfield>
    <subfield code="t">1</subfield>
    <subfield code="v">695.00</subfield>
    <subfield code="w">2025-11-17</subfield>
    <subfield code="y">HN</subfield>
  </datafield>
</record>
